F1 2026 Driver Numbers Whammie - Statistics

General Stats
  • This quiz has been taken 95 times
  • The average score is 15 of 22
Answer Stats
Team Driver Number % Correct
McLaren Lando Norris 1
97%
Red Bull Max Verstappen 3
95%
Ferrari Lewis Hamilton 44
92%
McLaren Oscar Piastri 81
87%
Ferrari Charles Leclerc 16
83%
Williams Carlos Sainz 55
83%
Mercedes George Russell 63
80%
Red Bull Isack Hadjar 6
70%
Mercedes Andrea Kimi Antonelli 12
68%
Aston Martin Fernando Alonso 14
67%
Haas Oliver Bearman 87
67%
Alpine Pierre Gasly 10
63%
Williams Alexander Albon 23
63%
Haas Esteban Ocon 31
62%
Kick Sauber Gabriel Bortoleto 5
60%
Cadillac Valtteri Bottas 77
60%
Cadillac Sergio Pérez 11
58%
Aston Martin Lance Stroll 18
57%
Kick Sauber Nico Hülkenberg 27
52%
Racing Bulls Liam Lawson 30
52%
Racing Bulls Arvid Lindblad 41
43%
Alpine Franco Colapinto 43
42%
No matching quizzes found
Score Distribution
Percent of People with Each Score
Percentile by Number Answered
Your Score History
You have not taken this quiz